Biblioteca

Historia del cristianismo (Registro nro. 38468)

Detalles MARC
000 -LÍDER
Campo fijo de descripción fija 01619aam a2200349 i 4500
001 - NÚMERO DE CONTROL
Campo de control 768714001
003 - IDENTIFICADOR DEL NÚMERO DE CONTROL
Campo de control CO-MdFUSB
005 - FECHA Y HORA DE LA ULTIMA TRANSACCIÓN
control field 20211216171113.0
007 - CAMPO FIJO DE DESCRIPCIÓN FIJA--INFORMACIÓN GENERAL
Campo fijo de descripción fija ta
008 - ELEMENTOS DE LONGITUD FIJA -- INFORMACIÓN GENERAL
Campo fijo de descripción fija -- Información general 211216t1967 ag |||| |||| 00| 0 spa d
020 ## - NÚMERO INTERNACIONAL NORMALIZADO PARA LIBROS
Número Internacional Normalizado del libro [No incluye ISBN]
040 ## - FUENTE DE CATALOGACIÓN
Idioma de catalogación spa.
Agencia de catalogación original CO-MdFUSB
Agencia que realiza la transcripción CO-MdFUSB
Agencia que realiza la modificación CO-MdFUSBC
Convenciones de la descripción rda
041 ## - CÓDIGO DE IDIOMA
Código de idioma para texto/pista de sonido o título separado spa
082 04 - NÚMERO DE CLASIFICACIÓN DECIMAL DEWEY
Número de clasificación 270
Número de la edición del Dewey 23
Clave de autor-Numero de item L359i
100 1# - ASIENTO PRINCIPAL--NOMBRE PERSONAL
Nombre personal Latourette, Kenneth Scott (1884-1968)
Término relacionador autor
245 10 - TÍTULO
Título del Material Historia del cristianismo
Mención de responsabilidad, etc. / Kenneth Scott Latourette ; traducido por Jaime C. Quarles y Lemuel C. Quarles
250 ## - MENCIÓN DE EDICIÓN
Mención de edición segunda edición
264 #1 - PRODUCCIÓN, PUBLICACIÓN, DISTRIBUCIÓN, MANUFACTURA, Y COPYRIGHT
Lugar de producción, publicación, distribución, manufactura Buenos Aires, Argentina :
Nombre del productor, publicador, distribuidor Casa Bautista de Publicaciones,
Fecha de producción, publicación, distribución, manufactura, o copyright [1967]
264 #4 - PRODUCCIÓN, PUBLICACIÓN, DISTRIBUCIÓN, MANUFACTURA, Y COPYRIGHT
Fecha de producción, publicación, distribución, manufactura, o copyright © 1967
300 ## - DESCRIPCIÓN FÍSICA
Extensión 819 páginas
Dimensiones ; 22 cm
336 ## - TIPO DE CONTENIDO
Término de tipo de contenido texto
Código de tipo de contenido txt
Fuente rdacontent
337 ## - TIPO DE MEDIO
Fuente rdamedia
Nombre del tipo de medio sin mediación
Código del tipo de medio n
338 ## - TIPO DE SOPORTE
Fuente rdacarrier
Nombre del tipo de soporte volumen
Código Tipo de soporte nc
505 ## - NOTA DE CONTENIDO
Título Tomo I:
Nota de contenido con formato preestablecido El curso de la humanidad antes de Cristo. -- Los primeros quinientos años: el cristianismo conquista el imperio romano y se desarrolla formalmente. Las horas más oscuras: el gran retroceso. 500 a 950 d. de J.C. -- Perdida en extensión geográfica y lasitud interna, confusión y corrupción, en parte contrarrestadas por la vida vigorosa, 1350 a 1500 d. de J.C.
505 ## - NOTA DE CONTENIDO
Título Tomo II:
Nota de contenido con formato preestablecido La Reforma y la expansión, 1500 a 1750 d. de J.C. -- Repudio y avivamiento, 1750 a 1815 d. de J.C. -- Vigor en medio de la tormenta: principiando en 1914.
563 ## - NOTA DE ENCUADERNACIÓN
Nota de encuadernación Tapa dura
650 #0 - ASIENTO SECUNDARIO DE MATERIA - TERMINO TEMÁTICO
9 (RLIN) 153
Término temático o nombre geográfico como elemento de entrada Historia de la Iglesia
700 ## - ASIENTO SECUNDARIO - NOMBRE PERSONAL
9 (RLIN) 6002
Nombre personal Quarles, Jaime C.
Responsabilidad traductor
700 ## - ASIENTO SECUNDARIO - NOMBRE PERSONAL
9 (RLIN) 6003
Nombre personal Quarles, Lemuel C.
Responsabilidad traductor
942 ## - TIPO DE MATERIAL (KOHA)
Tipo de Item KOHA Libros General
945 ## - INFORMACIÓN LOCAL DEL REGISTRO
Catalogador JTF-925
Existencias
Estado de Material Estado de Perdido Forma de Clasificación Estado de Dañado No para Préstamo Colección Tomo Biblioteca de Origen Biblioteca Permanente Fecha de Adquisición Área Total de Préstamos Total de Renovaciones Signatura Topográfica Código de Barras Última vez visto Última vez Préstado Ejemplar/Existencia Fecha de Remplazo Tipo de Material
    Dewey Decimal Classification     Colección General 1 Biblioteca FUSBC Biblioteca FUSBC 16/12/2021 HISTORIA DEL CRISTIANISMO 4 4 G 270 L359i 14099 25/06/2025 03/09/2024 T. 1, ej. 2 26/01/2016 Libros General
    Dewey Decimal Classification     Colección General 2 Biblioteca FUSBC Biblioteca FUSBC 15/07/2010 HISTORIA DEL CRISTIANISMO 2   G 270 L359i 6796 04/09/2024 02/10/2019 T. 2, ej. 1 26/01/2016 Libros General
    Dewey Decimal Classification     Colección General 1 Biblioteca FUSBC Biblioteca FUSBC 16/12/2021 HISTORIA DEL CRISTIANISMO     G 270 L359i 6795 05/06/2023   T. 1, ej. 1   Libros General
    Dewey Decimal Classification     Colección General 2 Biblioteca FUSBC Biblioteca FUSBC 16/12/2021 HISTORIA DEL CRISTIANISMO 5 2 G 270 L359i 14184 05/03/2024 29/07/2019 T. 2, ej. 2 26/01/2016 Libros General

Biblioteca FUSBC | Teléfono: (57+4) 349 88 10 Ext. 141| WhatsApp (+57) 3005338115 
E-mail: biblioteca@unisbc.edu.co | Calle 76 87-14 Robledo Palenque, Medellín, Colombia

Con tecnología Koha